000 00727nam a22002177a 4500
003 UA-OsUOA
001 43319
007 ta
008 20061220b un ||||| |||| 00| 0 ukr d
100 _aСутула О.В.
090 _a82
_bС-11
942 _cSA
040 _aUA-OsUOA
_bukr
_cUA-OsUOA
_dUA-OsUOA
245 _aАсоціативний аналіз художнього тексту (Про один із шляхів розвитку творчої особистості, формування її естетичної свідомості)
300 _aС.30-33
955 _a0
041 _aukr
080 _a82
773 0 _w43318
650 7 _a82 Література. Літературознавство
_2UDC
999 _c329449
_d329449